| 000 | 00921nam a22002297a 4500 | ||
|---|---|---|---|
| 005 | 20200104041618.0 | ||
| 008 | 130801b2012 ck ||||| |||| 00| 0 spa d | ||
| 020 | _a9789588353494 | ||
| 041 | _aspa | ||
| 044 | _ack | ||
| 082 |
_a912.1986151 _bA88a |
||
| 245 |
_aAtlas Parque Nacional Natural Los Katíos _bordenamiento y gestión integral del Parque Nacional Natural Los Katíos y su área de influencia |
||
| 260 |
_aSantiago de Cali, Colombia _bParques Nacionales Naturales de Colombia _bWWF - Colombia _c2012 |
||
| 300 |
_a74 p. _bil., mapas _c34 x 23 cm |
||
| 651 |
_aAtlas _992257 |
||
| 651 |
_aHistoria _zLos Katíos (Parque nacional natural, Colombia) _91166 |
||
| 651 |
_aGeografía _zLos Katíos (Parque nacional natural, Colombia) _91167 |
||
| 651 |
_aMapas _zLos Katíos (Parque nacional natural, Colombia) _91168 |
||
| 651 |
_aMedio ambiente _992195 |
||
| 651 |
_aÁreas protegidas _978 |
||
| 942 |
_2ddc _cImpreso |
||
| 999 |
_c7501 _d7501 |
||